El arte de contar cuentos

保存先:
書誌詳細
第一著者: Bryant, Sara Cone (著者)
フォーマット: 図書
言語:スペイン語
出版事項: Barcelona Nova Terra 1965
シリーズ:Colección navidad, 4
主題:
タグ: タグ追加
タグなし, このレコードへの初めてのタグを付けませんか!

MARC

LEADER 00000nam a2200000 a 4500
001 UCZ0697
003 CL-VaPUC
008 950809e19650100SP |||||||||||||||||spa|d
082 0 4 |a 371.332  |b BRY  |2 21 
100 0 |a Bryant, Sara Cone  |e author  |9 343832 
245 1 3 |a El arte de contar cuentos 
300 |a 224 p 
942 |c BK 
945 |d 19950809 00:00:00  |a mfernand 
260 |a Barcelona  |b Nova Terra  |c 1965 
650 0 |a Narración de cuentos   |9 337545 
650 0 |a Cuentos  |9 308079 
650 0 |a Métodos de enseñanza  |9 270413 
650 0 |a Educación lingüística  |9 306506 
583 |a last modification  |c 20170829 12:38:06  |k Rodrigo Vera 
490 0 |a Colección navidad, 4 
999 |c 237607  |d 237605 
952 |0 0  |1 0  |4 0  |6 371_332000000000000_BRY_1965  |7 0  |8 P  |9 247001  |a BIBEDU  |b BIBEDU  |c BIBEDU_PB  |d 2019-11-18  |i 1558196  |o 371.332 BRY 1965  |p 1558196  |r 2024-01-25  |w 2019-11-18  |y BK  |k EDU